000 00467nam a2200181 a 4500
001 2087
003 CO-ViMGA
008 141112s2004 ck r 000 u spa d
040 _aCO-ViMGA
_bspa
_cCO-ViMGA
082 0 4 _a853.914 T151c
100 1 _aTamaro, Susana
245 1 0 _aEl caballero corazón de melón
260 _aBarcelona :
_bEl arca,
_c1995
300 _a154 p : il
490 _aTren electrico, 12
650 1 4 _aCUENTOS ITALIANOS
_93221
942 _2ddc
_cBK
999 _c14230
_d14230